00442 2200169 4500001002100000008004100021035002000062245004900082100001900131260003200150300002000182020001700202084001700219082001100236650001200247990001300259INLIS000000000000760 ind  a0010-0120000760 aMemperebutkan Pusaka JenggalacSuparto Brata aBrata, Suparto aSurabaya:bBina Ilmu,c1982 a96 hlm,c21 cm. aNOISBN-00165 a398.24 BRA m a398.24 aDongeng a11900272